000 02423nam a22002657a 4500
003 URS
005 20240416191852.0
008 240416b |||||||| |||| 00| 0 eng d
050 0 0 _aLG 221.R59 Il1
_b2019
100 1 _aIlang-ilang, Vincent M.
_eResearcher
245 1 0 _aProblems met in looking for employment as perceived by hrdm graduates
_cVincent M. Ilang-ilang ; Jomer L. Somera [and] Varshie E. Gabo
260 1 _c2019
300 _axii, 59 leaves
_billustration
_c28cm
336 _2rdacontent
_aText
337 _2rdamedia
_aunmediated
338 _2rdacarrier
_avolume
502 _aUndergraduate Thesis
_bBachelor of Science in Business Administration Major in Human Resources Development Management
_cUniversity of Rizal System, Rodriguez, Rizal
_d2019
520 _aThis study primarily aimed to determine the problems met by HRDM graduates in looking for employment as perceived by HRDM graduates it was conducted during the School Year 2018-2019 The subjects of the study were the problems met in looking for employment as perceive by human resource development management graduates composed of two different schools, Colegio de Montalban and University of Rizal System Rodriguez Campus. The human resource development management graduates were the respondents with fifteen (15) URS HRDM graduates and fifteen (15) CDM in total of thirty (30). The researchers used descriptive survey to meet the objectives of the study regarding the problems met in seeking employment. For better results and accurate interpretation, the data gathered were analyzed and treated as follows. To know the profile of the respondents in terms of age, sex and school graduated Frequency, Percentage and Rank distribution were used To know the extent of the problems met by the HRDM graduates in looking for employment in terms of communication skills, analytical and problem solving skills, interpersonal skills. technical and computer literacy, leadership management skills and learning skills, mean was used while to test if there is a significant difference on the problems met by the HRDM graduates when they are grouped according to their profile Anova was used.
650 _2problems in looking for employment
700 _aIlang-ilang, Vincent M.
_eResearcher
700 _aSomera, Jomer L.
_eResearcher
700 _aGabo, Varshie E.
_eResearcher
700 _aSoberano, Maricar O.
_eAdviser
942 _2lcc
_cT
999 _c78043
_d78042